000
00370nam a2200145Ia 4500
008
231129s1994||||xx |||||||||||||| ||spa||
020
_a
958-07-0930-0
040
_b
spa
082
_a
843.992 C843o
100
_a
Cote Denis
245
0
_a
Los ojos de esmeralda
260
_c
1994
264
_a
Edilux Ediciones
942
_2
ddc
_c
BKS
999
_c
19898
_d
19898